[Event "Transcontinental 4"] 
[Site "?"] 
[Date "2011.05.01"] 
[Round "5"] 
[White "Millette, Sylvain"] 
[Black "Efpraxiadis, Jean"] 
[Result "1-0"] 
[WhiteElo "1583"] 
[BlackElo "1659"] 
[Annotator "?"]

1. Nf3 {0} 1... d6 2. g3 e5 3. d3 f5 4. c4 Nf6 5. Nc3 Be7 6. e4 O-O 7. exf5 Bxf5 8. Ng5 c6 9. Bg2 Na6 10. d4 Nc7 11. dxe5 dxe5 12. O-O Bc5 13. Be3 Bxe3 14. fxe3 Bg4 15. Qb3 h6 16. Nf3 Bxf3 17. Bxf3 Rb8 18. Rad1 Qe7 19. Ne4 Nxe4 20. Bxe4 Rxf1+ 21. Rxf1 Qc5 22. Bg6 Rf8 23. Rxf8+ Kxf8 24. Qd3 Ke7 25. Kf2 Ne8 26. Bxe8 Kxe8 27. Qg6+ Kf8 28. Qe6 Qe7 29. Qc8+ Kf7 30. Kf3 e4+ 31. Kf4 Qf6+ 32. Qf5 Ke7 33. Qxf6+ Kxf6 34. Kxe4 Ke6 35. h4 g5 36. b4 b6 37. b5 cxb5 38. cxb5 gxh4 39. gxh4 Kd6 40. Kd4 Ke6 41. e4 Kd6 42. e5+ Ke7 43. Kd5 Kd7 44. e6+ Kc7 45. h5 Kc8 46. Kd6 Kd8 47. e7+ Ke8 48. a3 a6 49. bxa6 b5 50. a7 1-0


[1 "0"]

[Event "Transcontinental 4"] 
[Site "?"] 
[Date "2011.05.01"] 
[Round "5"] 
[White "Morin, Louis"] 
[Black "Lalumiere, Claude"] 
[Result "1/2-1/2"] 
[WhiteElo "1886"] 
[BlackElo "1933"] 
[Annotator "?"]

1. e4 c5 2. d4 cxd4 3. c3 d3 4. Bxd3 Nc6 5. Nf3 d6 6. O-O e6 7. c4 Nge7 8. Nc3 Ng6 9. Re1 a6 10. Bf1 Qc7 11. Be3 b6 12. Rc1 Rb8 13. Qd2 Nce5 14. Nxe5 Nxe5 15. f3 Be7 16. Qf2 O-O 17. h3 Bd7 18. f4 Ng6 19. Red1 Rfd8 20. g3 Qb7 21. Bg2 Bc6 22. h4 b5 23. h5 Nf8 24. cxb5 axb5 25. e5 Bxg2 26. Qxg2 d5 27. Ne2 Rdc8 28. Qf2 Nd7 29. Rxc8+ Rxc8 30. Rc1 Rc4 31. b3 Rxc1+ 32. Nxc1 Qc6 33. Nd3 Kf8 34. f5 Ke8 35. fxe6 fxe6 36. g4 Qc3 37. Qd2 Qa1+ 38. Qc1 Qxa2 39. Qc8+ Bd8 40. Bg5 Qa7+ 41. Kg2 Qc7 42. Qxd8+ Qxd8 43. Bxd8 Kxd8 44. Kf3 Kc7 45. Ke3 Kb6 46. Kd4 Nb8 47. b4 Na6 48. Kc3 Kc6 49. Kd4 Kb6 50. Kc3 Nc7 51. Kd4 Na6 1/2-1/2